000 00731nam a2200229Ia 4500
001 1876
003 GE_BSU
008 181216s||||||||xx |||||||||||||| ||und||
020 _a9785482016329
040 _cGE_BSU
080 _a347.9(479(075.8)
100 _aТуманова,И.В;Владтмирова,С.А; Владимирва,С.А;
245 _aГражданское процессуальное право. Учебное пособие.
245 _bПод. ред.Л.В.Тумановой
260 _aМосква
260 _bПроспект
260 _c2008
300 _a304 с. 21 см.
541 _h10 л.
653 _aГражданское процессуальное право
942 _cBK
999 _c35977
_d35977